Регионална библиотека "Любен Каравелов" - Русе

Интегрирано образование (Запис номер 79275)

MARC детайли
000 -Лидер
Контролно поле с фиксирана дължина 01671nam a2200385 c 4500
003 - Код на организацията, давaща контролен номер
Контролно поле BLK
005 - Дата и час на последна редакция
Контролно поле 20241021155920.0
008 - Елементи от данни с фиксирана дължина
fixed length control field 180408b bul|||||r ||||||| ||bul||
010 ## - Наследен системен номер
LC control number KNG00083748000
020 ## - Международен стандартен номер на книга ISBN
Международен стандартен номер на книга ISBN 978-954-423-386-0
-- издат.: Унив. изд. Паисий Хилендарски
040 ## - Източник на каталожния запис
Идентификатор на билиотеката - собственик на записа BLK
041 ## - Код за език
Код за езика на текст/звукозапис или на отделно заглавие Български
Код за езика КДБФ Български
080 ## - УДК
Текстов определител УДК
УДК код - определител по УДК 376.2/.4
УДК определител .04(075.8)
УДК - код + определител 376.2/.4.04(075.8)
100 1# - Редна дума - Автор
Автор Левтерова, Дора Стоилова
Авторска отговорност първи автор
R(LIN) 291344
139 ## - Редно поле
Редна дума Левтерова, Дора Стоилова
Авторски знак Левс - Л 36
245 10 - Сведения за заглавието
Заглавие Интегрирано образование
Редно поле (дума) Дора Стоилова Левтерова.
257 ## - Страна на издаване
Страна на създаване/издаване България
260 ## - Област на издателските данни
-- Пловдив
Име на издателя, разпространителя и проч. Унив. изд. Паисий Хилендарски
Година на издаване 2007
300 ## - Физическа характеристика
Страници 324 с.
Илюстрации и др. с табл., ил.
Размери/Мащаб 20 см
380 ## - Жанр
Жанр Обществени науки
500 ## - Общи забележки
Забележка Пълното име на авт. е Дора Стоилова Левтерова-Гаджалова. - Библиогр. с. 316-323
504 ## - Забележка за наличие на библиография и др
Забележка за наличие на библиография и под. 316-323
650 #4 - Допълнително описание по предмет – тема
Основно описание – тема или топоним Специални училища - учебно-възпитателна работа
9 (RLIN) 248199
650 #4 - Допълнително описание по предмет – тема
Основно описание – тема или топоним Деца - образование и просвета
9 (RLIN) 293658
650 #4 - Допълнително описание по предмет – тема
Основно описание – тема или топоним Инвалиди - образование и просвета
9 (RLIN) 284865
653 ## - Ключова дума – ненормативна
Ключова дума интегрирано обучение
653 ## - Ключова дума – ненормативна
Ключова дума специално образование
653 ## - Ключова дума – ненормативна
Ключова дума деца с увреждания
852 ## - Местоположение
Форматна сигнатура Цб 239937
856 4# - Електронен адрес и достъп
Електронен формат pdf - файл
Път до файла /url/
856 4# - Електронен адрес и достъп
Електронен формат pdf - файл
Път до файла /url/
942 ## - АРТИКУЛИ
Вид на библиотечния материал Книги
Скрит в OPAC Не
Koha issues (borrowed), all copies 11
944 ## - СЪЗДАВАНЕ И РЕДАКЦИЯ на ЗАПИСА
Създаване/Редакция Създаване
Дата на регистрацията/редакция 14.05.2008
Служител, извършил регистрацията/редакцията 30553
Статус, дата на статуса Иваничка Йорданова
944 ## - СЪЗДАВАНЕ И РЕДАКЦИЯ на ЗАПИСА
Създаване/Редакция Редакция
Дата на регистрацията/редакция 15.01.2009
Служител, извършил регистрацията/редакцията
999 ## - СИСТЕМНИ КОНТРОЛНИ НОМЕРА
Koha biblionumber 79275
Koha biblioitemnumber 79275
Наличности
Код за отписване Код за изгубен артикул Код за повреда Коз за рестрикции Код за отдаване Артикулен № Име на библиотеката - собственик Име на библиотеката, в която се намира в момента Статус (Текущо местоположение) Дата на вписване в системата Местоположение - отдел Цена в лева Инвентарен номер Систематично азбучна сигнатура Баркод Номер на екземпляра Цена в евро Служебна бележка Служебен тип на артикула Източник на класификационната схема
  Не е изгубен Не е повреден без рестрикции ползва се в читалня 128318 Регионална библиотека "Любен Каравелов" Русе Регионална библиотека "Любен Каравелов" Русе Хранилище 2008-05-13 Хранилище 15.00 120000726312 Цб 239937 120000726312 1 7.67 Дост: Dp Вид: Д N: 13 Дата: 27.02.2008 Книги  
  Не е изгубен Не е повреден без рестрикции заемане за дома 128319 Регионална библиотека "Любен Каравелов" Русе Регионална библиотека "Любен Каравелов" Русе Заемна - подръчен фонд 2008-12-12 Заемна - подръчен фонд 15.00 120000732119 П 376/Л 36 120000732119 2 7.67 Дост: Pk Вид: Ф N: 11856 Дата: 09.12.2008 Дата инв: 07.02.2018 Бележки инв: П2018 Книги  
  Не е изгубен Не е повреден без рестрикции ползва се в читалня 128320 Регионална библиотека "Любен Каравелов" Русе Регионална библиотека "Любен Каравелов" Русе Читалня 2008-12-12 Читалня 15.00 120000732120 Ч 37/Л 36 120000732120 3 7.67 Дост: Pk Вид: Ф N: 11856 Дата: 09.12.2008 Дата инв: 14.03.2017 Бележки инв: Ч2017 Книги Universal Decimal Classification
Vip Innovations Ltd, Rousse, Bulgaria 2025